000 00797nas a2200241 i 4500
001 1656
003 ES-MaACL
005 20250729062612.0
007 t|
008 950801d18911898sp s| | 1 ||pa d
022 _a1698-2983
080 _a959.9"1812/98"
245 0 3 _aLa Política de España en Filipinas
_b: quincenario defensor de los intereses españoles en Extremo Oriente /
_cdir. José Feced.
260 _aMadrid :
_bImp. Manuel Minuesa de los Ríos,
_c1891-1898.
300 _a3 v. ;
_c28 cm.
310 _aQuincenal
362 0 _aAño I (20 ene. 1891)--año 8, n. 187 (31 dic. 1898)
650 7 _aPolítica
_2embne
_9140345
700 1 _aFeced, José,
_edir.
_9194272
852 0 _x
_aBA
_jR-2486-88
_x Olim: G-3852-54
866 1 _o1891-95.
999 _c1656
_d1656